01429nam a2200349 a 4500001001200000003000800012006001900020007001500039008004100054010001700095020001800112020001800130040002100148035002100169043002100190050002500211082001500236100003000251245007900281260010900360300002500469504006400494533015200558651004900710651004900759651004100808651004100849655002900890710001700919856012600936999001701062ebr10231221CaPaEBRm u cr cn|||||||||721004s1947 mnuab sb 001 0 eng d z 47001789  z9780816600441 z9780816663460 aCaPaEBRcCaPaEBR a(OCoLC)233536363 an-us---au-at---14aE183.8.A8bL4 1947eb04a327.7309941 aLevi, Werner,d1912-2005.10aAmerican-Australian relationsh[electronic resource] /cby Werner Levi ... aMinneapolis :bUniversity of Minnesota Press ;aLondon :bG. Cumberlege, Oxford University Press,c1947. a184 p. :bill., map. aIncludes bibliographical references (p. 174-180) and index. aElectronic reproduction.bPalo Alto, Calif. :cebrary,d2013.nAvailable via World Wide Web.nAccess may be limited to ebrary affiliated libraries. 0aUnited StatesxForeign relationszAustralia. 0aAustraliaxForeign relationszUnited States. 0aUnited StatesxRelationszAustralia. 0aAustraliaxRelationszUnited States. 7aElectronic books.2local2 aebrary, Inc.40uhttp://site.ebrary.com/lib/rucke/Doc?id=10231221zAn electronic book accessible through the World Wide Web; click to view c39610d39610